000 00273 a2200097 4500
020 _a9788126410088
100 _aO. V. Vijayan
245 _aO. V. Vijayante lekhanangal(ഒ. വി. വിജയൻെറ ലേഖനങ്ങൾ)
260 _bD C books
_c2025
942 _cOO
999 _c115329
_d115328